BIBLIOTHÈQUE DE LA MAISON DU MEXIQUE

Logo 1 Logo 2

La herencia medieval de México (notice nᵒ 1819)

détails MARC
000 -Sello discográfico
campo de control de longitud fija 01179nam a2200349 4500
005 - Identificación de versión
campo de control 20251017062844.0
010 ## - Número Estándar Internacional de Libros (ISBN)
Número (ISBN) 968-16-4069-1
035 ## - Otros números de control del sistema
Número de control del sistema 22336
099 ## - fechas locales
Tipo de ítem Koha LIBRO
100 ## - Datos de procesamiento general
Datos de procesamiento general 19970617d1996 m y1spay5003 ba
105 ## - Campo de datos codificados: Material textual, monográfico
Datos codificados de monografía y 001zy
200 1# - Título y mención de responsabilidad
Título propio La herencia medieval de México
Designación general del material texto impreso
Primer mención de responsabilidad Luis Weckmann
Declaración de responsabilidad subsiguiente presentación Charles Verlinden
-- prólogo Silvio Zavala
205 ## - Declaración de edición
Declaración de edición 1a reimpr de la 2a ed rev
210 ## - Publicación, distribución, etc.
Lugar de publicación, distribución, etc. México
Nombre del editor, distribuidor, etc. Fondo de Cultura Económica
-- El Colegio de México
Fecha de publicación, distribución, etc. 1996
215 ## - Descripción física
Designación de material específico y extensión del ítem 680 p
Dimensiones 23 cm
300 ## - Notas generales
Texto de la nota Incluye índice onomástico
345 ## - Nota de información de adquisición
Fuente de adquisición/dirección de la suscripción [OBSOLETO] Donación del FCE
410 #1 - Series
Título Sección de Obras de Historia
607 ## - Nombre geográfico utilizado como tema
Elemento de entrada México
Subdivisión temática Historia
Subdivisión cronológica Colonia, 1540-1810
Número Koha 605
607 ## - Nombre geográfico utilizado como tema
Elemento de entrada México
Subdivisión temática Historia
Subdivisión cronológica Conquista, 1519-1540
Número Koha 453
660 ## - Código de área geográfica
Código MX
700 ## - Nombre personal - Responsabilidad primaria
Elemento de entrada Weckmann
Parte del nombre distinta del elemento de entrada Luis
Fechas 1923-1995
Número Koha 4508
702 ## - Nombre personal - Responsabilidad secundaria
Elemento de entrada Verlinden
Parte del nombre distinta del elemento de entrada Charles
Número Koha 4509
702 ## - Nombre personal - Responsabilidad secundaria
Elemento de entrada Zavala Vallado
Parte del nombre distinta del elemento de entrada Silvio Arturo
Fechas 1909-2014
Número Koha 243
801 #0 - Fuente de origen
Agencia cm
900 ## -
-- 1/14234
900 ## -
-- 710973718\\170697
942 ## - ELEMENTOS DE ENTRADA SECUNDARIOS (KOHA)
Tipo de ítem Koha Livre
996 ## -
-- MEX
-- 751145101
-- MMAG
-- 006071
-- 972.02 W387HE
-- 20220209LIV
Exemplaires
Estatus retirado Estado de daño Estado de pérdida Fecha de adquisición Biblioteca de origen Biblioteca actual Ubicación en estantería Código de barras Precio de reemplazo Signatura topográfica completa No para préstamo Tipo de ítem Koha Nota pública Nota no pública
      05/08/2025 Casa México Paris Casa México Paris   006071 05/08/2025 972.02 W387HE   Livre 20220209LIV 751145101